| 000 | 00861nam a2200265 a 4500 | ||
|---|---|---|---|
| 001 | BRL_1791 | ||
| 005 | 20190320211353.0 | ||
| 008 | 040815s1985----mx-a######---#000-0#spa-# | ||
| 020 | _a9681619005 | ||
| 041 | _aspa | ||
| 044 | _amx | ||
| 050 | 4 |
_aF1219.3M54 _b.S45 1985 |
|
| 100 | 1 |
_aSéjourne, Lairette _927887 |
|
| 245 | 1 | 0 |
_aSupervivencias de un mundo mágico _bimágenes de cuatro pueblos mexicanos _cLairette Séjourne ; Dibujos de Leonora Carrington ; traducción de A.O.R. |
| 260 |
_aMéxico _bFondo de Cultura Económica, SEP _c1985 |
||
| 300 |
_a116 p. _bil. _c21 cm. |
||
| 440 | 0 |
_aLecturas mexicanas _v86 _927888 |
|
| 500 | _aAu1989 | ||
| 650 | 1 | 4 |
_aMagia indígena _zMéxico _927889 |
| 650 | 1 | 4 |
_aIndígenas de México _xMagia _927890 |
| 700 | 1 |
_aCarrington, Leonora _eil. _927891 |
|
| 700 | 1 |
_aA.O.R. _927892 |
|
| 902 | _aGRL | ||
| 942 |
_2lcc _cB |
||
| 999 |
_c10599 _d10599 |
||